zpět

Detail výsledku týmu

Jak jinak pub, Třebíč

Datum a čas kvízu

6 Celkem bodů Celkový počet nahraných bodů na tomto kvízu bez doplňovacích otázek.
8. Pořadí na kvízu Konečné umístění týmu na tomto kvízu.

Zaznamenané odpovědi

# Otázka Odpověď Body Výsledky
1. Jistý poslanec za SPD minulý t... Radek Koten 0
2. Ve kterém německém městě se mi... v Mnichově 0
3. Minulý týden v úterý oslavil p... Robbie Williams 0
4. Vědci objevili v Peru dva nové... Iron Maiden 0
5. Který norský sportovec získal... Johannes Bö 1
6. Obec s nejdelším názvem v Česk... A 0
7. Česká republika hraničí se čty... 1A 2C 3D 4B 1
8. Nejvýše položená železniční st... Kubova 0
9. V této otázce bude potřeba k z... 1C 2B 3D 4A 0
10. V České republice jsou čtyři ú... Krkonošský NP 0